| 000 | 01000nam a22003137a 4500 | ||
|---|---|---|---|
| 001 | BR2011001156 | ||
| 003 | BR-BrBNA | ||
| 005 | 20230928103505.0 | ||
| 007 | ta | ||
| 008 | 230509b bl.||||| |||| 00| 0 por d | ||
| 040 |
_aBR-BrBNA _bpor _cBiblioteca Nacional de Agricultura |
||
| 041 | _a(Eng) | ||
| 072 |
_aL01; T01 _b7110 |
||
| 090 | _ 7110 BR2011001156 | ||
| 100 | 1 | _aCarvalho, S.M. | |
| 110 | 1 |
_aUniversidade Federal de Lavras, MG (Brasil) _0Tese (Doutorado) |
|
| 245 | 1 | _aHoneybee Apis mellifera L., 1758 (Hymenoptera: apidae)enzymes as possible biomarkers for the assessement of environmental contamination eith pesticides | |
| 260 | 3 |
_aLavras, MG (Brasil): _c2010. |
|
| 300 | _a105 p. | ||
| 500 | _aSummaries (Eng, Por); Several bibliography; 7 tables; 7 illus. | ||
| 650 | _aABELHA | ||
| 650 | _aAPIS MELLIFERA | ||
| 650 | _aENZIMA | ||
| 650 | _aPESTICIDA | ||
| 650 | _aCONTAMINAÇÃO | ||
| 650 | _aMEIO AMBIENTE | ||
| 909 |
_a202309 _bLucia _c55 _dLucia Elande |
||
| 942 | _cBK | ||
| 999 |
_c75335 _d75335 |
||